01454nam a2200361 a 4500001001200000003000800012006001900020007001500039008004100054010001700095020003300112020001800145020002700163040002100190035002000211043001200231050002400243082002200267100003000289245015900319260005000478300002400528533015200552650004600704650005300750650004100803650002800844655002900872700002900901710001700930856012600947999001901073ebr10579406CaPaEBRm u cr cn|||||||||000823s2001 iaua s 000 0 eng d z 00045634  z0877457409 (pbk. alk. paper) z9780877457404 z9781587293306 (e-book) aCaPaEBRcCaPaEBR a(OCoLC)50322380 an-usc--14aHQ1031b.G74 2001eb04a306.84/5/09772211 aGrearson, Jessie Carroll.10aLove in a global villageh[electronic resource] :ba celebration of intercultural families in the Midwest /cby Jessie Carroll Grearson & Lauren B. Smith. aIowa City :bUniversity of Iowa Press,c2001. axxi, 284 p. :bill. aElectronic reproduction.bPalo Alto, Calif. :cebrary,d2011.nAvailable via World Wide Web.nAccess may be limited to ebrary affiliated libraries. 0aIntermarriagezMiddle WestvCase studies. 0aInterethnic marriagezMiddle WestvCase studies. 0aFamilieszMiddle WestvCase studies. 0aEthnicityzMiddle West. 7aElectronic books.2local1 aSmith, Lauren B.,d1963-2 aebrary, Inc.40uhttp://site.ebrary.com/lib/rucke/Doc?id=10579406zAn electronic book accessible through the World Wide Web; click to view c188232d188232